000 00500nam a22001577a 4500
020 _qHard Cover.
082 _a621.39
100 _aTariq, Anam
245 _aAnalysis of retinal images for grading of diabetic maculopathy /
_cAnam Tariq
260 _aIslamabad :
_bCEME - NUST,
_c2013.
300 _ax, 88 p. : ill. ;
_c30cm.
650 _aComputer Engineering-MS-Thesis
_916083
700 _aDr. Shoab A. Khan.
_918474
942 _2ddc
_cTHE
999 _c540660
_d540660